00223nam a2200085Ia 4500008004100000100001900041245004300060260002600103300000800129201217s9999 xx 000 0 und d aHayes, John P. 0aComputer Architecture and Organization aAucklandbMcGraw-Hill a498